000 00337nam a2200145Ia 4500
008 150201s1984 xx 000 0 und d
082 _a611.018
_bH84A
100 _aAREY
245 _aHUMAN HISTOLOGY
250 _a1ST
260 _bKHOSLA PUBLISHING
_aDELHI
_c1984
300 _a1-338
650 _aHUMAN HISTOLOGY
942 _2ddc
_cBK
_01
999 _c2472
_d2472